000 02872cam a2200517M 4500
001 9781003362487
003 FlBoTFG
005 20250103113431.0
006 m o d
007 cr |n|||||||||
008 230119s2023 xx o 0|| 0 eng d
040 _aOCoLC-P
_beng
_cOCoLC-P
020 _a9781000841541
_q(electronic bk.)
020 _a1000841545
_q(electronic bk.)
020 _a9781003362487
_q(electronic bk.)
020 _a1003362486
_q(electronic bk.)
020 _a9781000841589
_q(electronic bk. : EPUB)
020 _a1000841588
_q(electronic bk. : EPUB)
020 _z1032248327
020 _z9781032248325
024 _a10.4324/9781003362487
_2doi
035 _a(OCoLC)1357148047
035 _a(OCoLC-P)1357148047
050 _aDS340
072 _aHIS
_x017000
_2bisacsh
072 _aHIS
_x000000
_2bisacsh
072 _aSOC
_x000000
_2bisacsh
072 _a1F
_2bicssc
082 _a909.09824
_223
245 _aCONNECTING THE INDIAN OCEAN WORLD
_h[electronic resource] :
_bacross sea and land.
260 _a[S.l.] :
_bROUTLEDGE,
_c2023.
300 _a1 online resource
520 _aThe Indian Ocean world has a rich history of socio-economic and cultural exchanges across time and space. This book and its companion, Merchants and Ports in the Indian Ocean World, explore these connections around the wider Indian Ocean world. The book examines the many overlapping linkages that existed from the early modern period and into the colonial era. It offers a clear understanding of the economic networks that extended across the Indian Ocean and the Atlantic during the 19th century. With a critical historical lens, the volume discusses themes like the opium trade in the Malay-Indonesian Archipelago - the biggest opium trade market at the time; the Safavid mission to Siam; and the economic relationship between Pondicherry and West Africa, via France. Rich in archival material, this book will be of interest for scholars and researchers of Indian Ocean history, maritime history, Indian history, economic and commercial history, South Asian history, and social history, anthropology, and trade relations in general.
588 _aOCLC-licensed vendor bibliographic record.
650 _aHISTORY / Asia / India & South Asia
_2bisacsh
650 _aHISTORY / General
_2bisacsh
650 _aSOCIAL SCIENCE / General
_2bisacsh
651 _aIndian Ocean Region
_xHistory
_y19th century.
651 _aIndian Ocean Region
_xCivilization.
651 _aIndian Ocean Region
_xRelations.
651 _aIndian Ocean Region
_xCommerce
_xHistory
_y19th century.
700 _aSeshan, Radhika.
700 _aShimada, Ryƫto,
_d1972-
856 _3Taylor & Francis
_uhttps://www.taylorfrancis.com/books/9781003362487
856 _3OCLC metadata license agreement
_uhttp://www.oclc.org/content/dam/oclc/forms/terms/vbrl-201703.pdf
999 _c12697
_d12697